|
|
|
|
| LEADER |
00955 a2200217 4500 |
| 008 |
130118b xxu||||| |||| 00| 0 eng d |
| 020 |
|
|
|a 9788187358589
|
| 082 |
|
|
|a 331.1379542
|
| 100 |
|
|
|a Jeffrey, Craig.
|
| 245 |
|
|
|a Education, unemployemt and masculinities in India/
|c Craig Jeffrey, Patricia, Jeffery and Roger Jeffery
|
| 260 |
|
|
|b Orient Black Swan,
|c 2010.
|a New Delhi:P
|
| 300 |
|
|
|a xiv,240p.;
|c 23 cm.
|
| 500 |
|
|
|a Includes bibliography and index.
|
| 505 |
|
|
|a Political economy of Utterpradesh--Masculinity on a shoestring?--Dalit revolution ? New polit5icians in Utterpradesh--Muslims' strategies in a age of insecurity.
|
| 650 |
|
|
|a Education
|z India.
|
| 650 |
|
|
|a Employment
|z India.
|
| 700 |
|
|
|a Jeffery,Patricia,
|
| 700 |
|
|
|a Jeffery, Roger
|
| 942 |
|
|
|c BK
|
| 999 |
|
|
|c 97000
|d 97000
|
| 952 |
|
|
|0 0
|1 0
|4 0
|6 331_137954200000000_JEF_E
|7 0
|9 96647
|a UL
|b UL
|c ST1
|d 2011-12-22
|g 0.00
|l 1
|o 331.1379542 JEF/E
|p 87223
|r 2017-07-31
|s 2017-04-20
|v 695.00
|x 25
|y BK
|